Crops by Picture - Statistics

General Stats
  • This quiz has been taken 79 times
  • The average score is 12 of 16
Answer Stats
Picture Answer % Correct
Sunflower
100%
Maize
97%
Pumpkin
97%
Cotton
96%
Wheat
96%
Rice
94%
Tomato
92%
Potato
75%
Onion
70%
Pineapple
68%
Tea
59%
Bean
58%
Sugar Cane
51%
Canola
44%
Strawberry
31%
Cucumber
30%
No matching quizzes found
Score Distribution
Percent of People with Each Score
Percentile by Number Answered
Your Score History
You have not taken this quiz